000 nam a22 7a 4500
999 _c7287
_d7287
008 170804b xxu||||| |||| 00| 0 eng d
100 _93825
_aAhmad
245 _aConcepts of physics
260 _aNew Delhi